| 000 | 004860000a22001930004500 | ||
|---|---|---|---|
| 001 | 004144 | ||
| 003 | MACL | ||
| 005 | 20150802153003.0 | ||
| 008 | 150802b xxu||||| |||| 00| 0 eng d | ||
| 040 |
_aMACL _cMACL |
||
| 041 | _aEnglish | ||
| 082 | _a385.076/SIL | ||
| 100 |
_aSilas, Sandeep _94392 |
||
| 245 |
_aDiscover India By Rail _cSandeep Silas |
||
| 260 |
_aNew Delhi _c2002 _bSterling Publishers, |
||
| 350 | _a200 | ||
| 650 |
_aRailRoadTransport _94393 |
||
| 942 |
_k385 _cBK _2ddc |
||
| 999 |
_c16035 _d16035 |
||